| 000 | 01030cam a22002894a 4500 | ||
|---|---|---|---|
| 999 |
_c529199 _d529199 |
||
| 001 | 16219396 | ||
| 005 | 20190920202046.0 | ||
| 008 | 100504s2010 pauab b 001 0 eng | ||
| 010 | _a 2010018891 | ||
| 020 | _a9780965564342 (pbk. : alk. paper) | ||
| 035 | _a(DNAL)1054774 | ||
| 040 |
_aDNAL/DLC _cDLC _dDLC |
||
| 042 | _apcc | ||
| 050 | 0 | 0 |
_aGB661.2 _b.S47 2010 |
| 070 | 0 |
_aGB661.2 _b.S47 2010 |
|
| 082 | 0 | 0 |
_a551.48 _222 _bSER |
| 100 | 1 |
_aSerrano, Sergio E. _9260 |
|
| 245 | 1 | 0 |
_aHydrology for engineers, geologists, and environmental professionals : _ban integrated treatment of surface, subsurface, and contaminant hydrology / _cSergio E. Serrano. |
| 250 | _a2nd ed. | ||
| 260 |
_aAmbler, Pa. : _bHydroScience Inc., _cc2010. |
||
| 300 |
_axiv, 575 p. : _bill., maps ; _c23 cm. |
||
| 504 | _aIncludes bibliographical references (p. [538]-560) and index. | ||
| 650 | 0 |
_aHydrology. _9261 |
|
| 906 |
_a7 _bcbc _corignew _d1 _eecip _f20 _gy-gencatlg |
||
| 942 |
_2ddc _cBK |
||